Social psychology (Record no. 234592)
[ view plain ]
| 000 -LEADER | |
|---|---|
| fixed length control field | 01482nam a22003017a 4500 |
| 005 - DATE AND TIME OF LATEST TRANSACTION | |
| control field | 20250709092028.0 |
| 008 - FIXED-LENGTH DATA ELEMENTS--GENERAL INFORMATION | |
| fixed length control field | 250708b |||||||| |||| 00| 0 eng d |
| 020 ## - INTERNATIONAL STANDARD BOOK NUMBER | |
| International Standard Book Number | 9788131703939 |
| 040 ## - CATALOGING SOURCE | |
| Transcribing agency | AL |
| 041 ## - LANGUAGE CODE | |
| Language code of text/sound track or separate title | eng |
| 082 ## - DEWEY DECIMAL CLASSIFICATION NUMBER | |
| Classification number | 302 |
| Item number | TAYS |
| 100 ## - MAIN ENTRY--PERSONAL NAME | |
| Personal name | Shelley E Taylor and others |
| 100 ## - MAIN ENTRY--PERSONAL NAME | |
| 9 (RLIN) | 217803 |
| 245 ## - TITLE STATEMENT | |
| Title | Social psychology |
| 250 ## - EDITION STATEMENT | |
| Edition statement | 12 |
| 260 ## - PUBLICATION, DISTRIBUTION, ETC. | |
| Place of publication, distribution, etc. | Uttar Pradesh |
| Name of publisher, distributor, etc. | Pearson |
| Date of publication, distribution, etc. | 2023 |
| 300 ## - PHYSICAL DESCRIPTION | |
| Extent | xvii,588p. |
| Other physical details | PB |
| Dimensions | 28x21.5cm |
| 365 ## - TRADE PRICE | |
| Source of price type code | Psychology |
| Price type code | QNIK-13195 |
| Price amount | 750.10 |
| Currency code | ₹ |
| Unit of pricing | 750.10 |
| Price note | - |
| Price effective from | 30-06-2025 |
| 520 ## - SUMMARY, ETC. | |
| Summary, etc. | Generations of college students have learned social psychology from this text it provides balanced, up-to-date, and accurate coverage of basic topics, research, and theories. Balancing cutting-edge findings and classic work in the field, the user-friendly<br/>Table of Content: Theories and Methods in Social Psychology.Person Perception: Forming Impressions of Others.Social Cognition: Understanding the Social World.The Self: Learning About the Self.Attitudes and Attitude Change.Prejudice.Social Influence.Interpersonal Attraction.Personal Relationships.Behavior in Groups.Gender.Helping Behavior.Aggression.<br/>Social Psychology and Health.Social Psychology and the Law. |
| 650 ## - SUBJECT ADDED ENTRY--TOPICAL TERM | |
| Topical term or geographic name entry element | Prejudice |
| 9 (RLIN) | 217786 |
| 650 ## - SUBJECT ADDED ENTRY--TOPICAL TERM | |
| Topical term or geographic name entry element | Gender |
| 9 (RLIN) | 217787 |
| 650 ## - SUBJECT ADDED ENTRY--TOPICAL TERM | |
| Topical term or geographic name entry element | Law |
| 9 (RLIN) | 217788 |
| 650 ## - SUBJECT ADDED ENTRY--TOPICAL TERM | |
| Topical term or geographic name entry element | Health |
| 9 (RLIN) | 217789 |
| 650 ## - SUBJECT ADDED ENTRY--TOPICAL TERM | |
| Topical term or geographic name entry element | Self |
| 9 (RLIN) | 217790 |
| 650 ## - SUBJECT ADDED ENTRY--TOPICAL TERM | |
| Topical term or geographic name entry element | Cognition |
| 9 (RLIN) | 217791 |
| 700 ## - ADDED ENTRY--PERSONAL NAME | |
| Personal name | Peplau, Letitia Anne |
| 9 (RLIN) | 217793 |
| 700 ## - ADDED ENTRY--PERSONAL NAME | |
| Personal name | Sears, David O |
| 9 (RLIN) | 217794 |
| 942 ## - ADDED ENTRY ELEMENTS (KOHA) | |
| Source of classification or shelving scheme | Dewey Decimal Classification |
| Koha item type | Book |
| Withdrawn status | Lost status | Source of classification or shelving scheme | Damaged status | Not for loan | Collection code | Home library | Current library | Shelving location | Date acquired | Source of acquisition | Cost, normal purchase price | Total Checkouts | Full call number | Barcode | Date last seen | Date last checked out | Cost, replacement price | Price effective from | Koha item type |
|---|---|---|---|---|---|---|---|---|---|---|---|---|---|---|---|---|---|---|---|
| Dewey Decimal Classification | Psychology | St Aloysius Library | St Aloysius Library | Stack Section | 07/08/2025 | amazon.in | 750.10 | 8 | 302 TAYS | 077723 | 02/24/2026 | 02/16/2026 | 750.10 | 07/08/2025 | Book |